Chemical origins and markets /
Guardado en:
| Otros Autores: | , |
|---|---|
| Formato: | Libro |
| Idioma: | English |
| Publicado: |
Menlo Park, Calif. :
Chemical Information Services,
[1977]
|
| Edición: | 5th ed. |
| Materias: | |
| Etiquetas: |
Agregar Etiqueta
Sin Etiquetas, Sea el primero en etiquetar este registro!
|
| LEADER | 00720nam a22001935a 4500 | ||
|---|---|---|---|
| 001 | EIQ.libpla001858 | ||
| 008 | 070220s1977####caud##########001#0#eng#d | ||
| 005 | 20070220192718.0 | ||
| 245 | 0 | 0 | |a Chemical origins and markets / |c Gloria M. Lawler, editor ; contributors K. W. Alison ... [et al.]. |
| 250 | |a 5th ed. | ||
| 260 | |a Menlo Park, Calif. : |b Chemical Information Services, |c [1977] | ||
| 300 | |a 118 p. : |b tablas ; |c 37 cm. | ||
| 500 | |a "Flow charts and tables". | ||
| 700 | 1 | |a Lawler, Gloria M., |e ed. |4 edt | |
| 700 | 1 | |a Allison K. W. |4 ctb | |
| 650 | 4 | |a Industria química |z Estados Unidos. | |
| 650 | 4 | |a Chemical industry |z United States. | |
| 040 | |a AR-BbSID |b spa |c AR-BbSID | ||
| 859 | |a AR-BbSID |b BIB. PLAPIQUI |h 661 |i C 94 |k R |p 1656 | ||
